000 00315nam a2200133Ia 4500
008 150201s1987 xx 000 0 und d
082 _a610.03
_bM87C
100 _aCHIN
245 _aPOKET MEDICAL DICTIONARY
260 _bCHURCHILL
_aLIVINGTONE
_c1987
300 _a380
650 _aDICTIONARY
942 _2ddc
_cBK
_01
999 _c1846
_d1846